| 000 | 01007nas a2200325 4500 | ||
|---|---|---|---|
| 001 | BR0302491 | ||
| 003 | BR-BrBNA | ||
| 005 | 20231205103808.0 | ||
| 007 | ta | ||
| 008 | 230509b bl.|||p| |||| 00| 00por d | ||
| 040 |
_aBR-BrBNA _bpor _cBiblioteca Nacional de Agricultura |
||
| 041 | _a(Pt) | ||
| 072 | _aF30; F61; H50 | ||
| 100 | 1 | _aAbichequer, A.D. | |
| 100 | 1 | _aBohnen, H. | |
| 100 | 1 | _aAnghinoni, I. | |
| 245 | 1 | _aAbsorção, translocação e utilização de fósforo por variedade de trigo submetidas à toxidez de alumínio | |
| 650 | _aTRIGO | ||
| 650 | _aVARIEDADE | ||
| 650 | _aALUMÍNIO | ||
| 650 | _aTOXIDEZ | ||
| 650 | _aMORFOLOGIA VEGETAL | ||
| 650 | _aFÓSFORO | ||
| 650 | _aNUTRIÇÃO VEGETAL | ||
| 650 | _aABSORÇÃO DE NUTRIENTES | ||
| 650 | _aEFICIÊNCIA NUTRICIONAL | ||
| 773 | 0 |
_tRevista Brasileira de Ciência do Solo (Brazil) _xISSN 0100-0683 _g(Mar-Apr 2003), v. 27(2) p. 373-378 _wBR0302491 |
|
| 909 |
_a202311 _bLúcia _c55 _dLúcia Elande |
||
| 942 |
_2AGRIS _n0 _cANA |
||
| 999 |
_c174776 _d174776 |
||